|
|
|
|
| LEADER |
01728nam a2200505 a 4500 |
| 001 |
000460139 |
| 003 |
CZ BrMZK |
| 005 |
20210113102853.0 |
| 007 |
ta |
| 008 |
010907s1999 xr e 0 cze d |
| 020 |
|
|
|a 80-7268-055-2
|
| 035 |
|
|
|a (OCoLC)44148357
|
| 040 |
|
|
|a BOA001
|b cze
|
| 043 |
|
|
|a e-xr---
|a e-cs---
|a e-gx---
|
| 045 |
|
|
|a x3x9
|
| 072 |
|
7 |
|a 94(430/439)
|x Dějiny zemí střední Evropy
|2 Konspekt
|9 8
|
| 080 |
|
|
|a 94(=162.3):(=112.2)
|2 MRF
|
| 080 |
|
|
|a (=112.2)
|2 MRF
|
| 080 |
|
|
|a 94(437.3+430)
|2 MRF
|
| 080 |
|
|
|a 327
|2 MRF
|
| 080 |
|
|
|a (437.3)
|2 MRF
|
| 080 |
|
|
|a (437)
|2 MRF
|
| 080 |
|
|
|a (430)
|2 MRF
|
| 080 |
|
|
|a (048.8)
|2 MRF
|
| 100 |
1 |
|
|a Richter, Karel,
|d 1930-2021
|7 jk01102476
|4 aut
|
| 245 |
1 |
0 |
|a Češi a Němci v zrcadle dějin.
|n Sv. 2. Květen 1938-do dnešní doby /
|c Karel Richter
|
| 250 |
|
|
|a Vyd. 1.
|
| 260 |
|
|
|a Třebíč :
|b Akcent,
|c 1999
|
| 300 |
|
|
|a 301 s. ;
|c 21 cm
|
| 490 |
1 |
|
|a Fakta
|
| 500 |
|
|
|a Bibliogr.
|
| 648 |
|
4 |
|a od 1938
|
| 648 |
|
7 |
|a 20. století
|7 ch460558
|
| 650 |
0 |
7 |
|a Češi a Němci
|7 ph135237
|x dějiny
|2 czenas
|
| 650 |
0 |
7 |
|a Němci
|7 ph117943
|z Československo
|2 czenas
|
| 650 |
0 |
7 |
|a Němci
|7 ph117943
|z Česko
|y 20. století
|2 czenas
|
| 650 |
0 |
7 |
|a sudetoněmecká otázka
|7 ph126264
|2 czenas
|
| 651 |
|
7 |
|a Československo
|7 ge131689
|x mezinárodní vztahy
|2 czenas
|
| 651 |
|
7 |
|a Česko
|7 ge128065
|x mezinárodní vztahy
|y 20. století
|2 czenas
|
| 651 |
|
7 |
|a Německo
|7 ge135889
|x mezinárodní vztahy
|y 20. století
|2 czenas
|
| 655 |
|
7 |
|a monografie
|7 fd132842
|2 czenas
|
| 830 |
|
0 |
|a Fakta (Akcent)
|0 s
|
| 910 |
|
|
|a BOA001
|b 2-1068.220,2
|
| 990 |
|
|
|a BK
|
| 996 |
6 |
|
|b 2610107414
|c 2-1068.220,2
|l MZK
|r Sklad / do 1 hodiny
|n 22
|p p.v.
|w 000460139
|u 000010
|a 1
|e BOA001
|j MZK50
|s P
|